| 000 | 00778nam a22002417 4500 | ||
|---|---|---|---|
| 001 | 143714 | ||
| 003 | SpMaBN | ||
| 005 | 20250903005840.0 | ||
| 008 | 000616s1933 it | ||| ||ita | ||
| 016 | 7 |
_abimoBNE20001300385 _2SpMaBN |
|
| 035 | _a(OCoLC)432787209 | ||
| 040 |
_aSpMaBN _bspa _cSpMaBN _erdc _dES-MaACL |
||
| 080 | _a517 | ||
| 100 | 0 |
_aSeveri, Francesco _0XX1186323 _9105916 |
|
| 245 | 1 | 0 |
_aLezioni di Analisi / _cFrancesco Severi |
| 260 |
_aBologna : _bNicola Zanichelli, _c1933- |
||
| 300 |
_av. 1 ; _c24 cm |
||
| 505 | 1 | _aI. Determinanti, equazioni lineari, limiti derivate e differenziali, funzioni ed equazioni algebriche | |
| 650 | 7 |
_aCálculo _2embne _910668 |
|
| 942 |
_2udc _cMONOGRAFIA |
||
| 999 |
_c143714 _d143714 |
||